000 00754nam a22002417a 4500
005 20170124110006.0
010 _aA-524172
020 _c00.00
035 _aA-524172
037 _bCen Lib/Ret
040 _aDPL
_bEN
082 _a343.04
_bSHU
100 _aShuklendra, Acharya
_916879
245 _aSurvey, search, seizure and settlement of cases :
_cby Acharya Shulendra
_bunder direct taxes /
250 _a2nd ed
260 _aAllahabad
_bModren Law Publication
_c1989
270 _a8, Hastings Road, Near Hgh Court
_bAllahabad
_e211003
300 _axlvii,448p.
_c24cm(Hb)
500 _aIncludes index.
650 _aLaw
_9104
650 _aMilitary, tax trade & industrial law
_916880
942 _2ddc
_cEN
_h343.04
_mSHU
999 _c126191
_d126191